00441nam a2200193Ia 4500008004100000020001400041050001600055100001900071245001600090245002200106260001500128260001600143260000900159300001600168300002000184300001000204300002600214440000700240170918s9999 xx 000 0 und d a439745594 bF247bi 2005 aFarshtey, Greg aTime trap / cby Greg Farshtey. aNew York : bScholastic, c2005 a137 pages : billustrations ; c19cm. eBionicle adventures ; a10